| 000 | 01095nam a22003137a 4500 | ||
|---|---|---|---|
| 001 | 7218 | ||
| 003 | FISKH | ||
| 005 | 20250703085808.0 | ||
| 008 | 250703b cb ||||| |||| 00| 0 eng d | ||
| 020 | _a9780590929745 | ||
| 040 |
_aDLC _cDLC _dDLC _beng |
||
| 050 | _aPZ10.L967 L | ||
| 082 | _a563 | ||
| 100 | 1 |
_aLundell, Margo _d(1942–2020) |
|
| 245 | 1 | 0 |
_aLad, a dog : _bBest dog in the world / _cRetold by Margo Lundell ; based on the book by Albert Payson Terhune ; illustrated by Don Bolognese. |
| 250 | _aThis edition first published in 1997 | ||
| 260 |
_aNew York : _bScholastic, _c1997. |
||
| 300 |
_a44 unnumbered pages : _bcolor illustrations ; _c23 cm. |
||
| 440 | 0 |
_aHello reader! _nLevel 4 |
|
| 505 | _aN | ||
| 520 | _aWhisked away from his country estate to compete in a dog show in New York City, Lad is confused and unhappy and wishes only to go home. | ||
| 521 | 0 |
_a570
_bLexile |
|
| 521 | 0 |
_aN
_bRaz-Plus |
|
| 650 | 0 |
_aDogs _xJuvenile fiction. |
|
| 650 | 1 |
_aDogs _xFiction. |
|
| 700 |
_aBolognese, Don _eillustrator |
||
| 942 |
_2ddc _cBK _n0 |
||
| 999 |
_c7218 _d7218 |
||